000 00274nam a2200109Ia 4500
008 190914s9999||||xx |||||||||||||| ||und||
100 _aThomas C.Kinnear
245 0 _aMarketing Research an applied Approach
260 _aIndia
_bOxford
_c1993
300 _a214
942 _cBK
999 _c10048
_d10048